Statistics for T_g, you're it!

Click here to take the quiz!

General Stats

  • This quiz has been taken 27 times
  • The average score is 7 of 11

Answer Stats

HintAnswer% Correct
The last Thursday in November in the U.S.A. or the second Monday in October in CanadaThanksgiving
92%
Powdered orange-flavored drink or Chinese dynasty from 618-907 A.D.Tang
88%
Shakespeare play: The _____ of the ShrewTaming
84%
Babies chew on a lot of things while going through this processTeething
84%
A small branchTwig
84%
Steep this in boiling water to get a common hot beverageTeabag
68%
A flip flop or an undergarment that exposes the rear endThong
60%
A violent person with a criminal elementThug
44%
Filipino languageTagalog
40%
A student of religionTheolog
24%
The line of lowest elevation within a valley or watercourseThalweg
4%

Score Distribution

Percentile by Number Answered

Percent of People with Each Score

Your Score History

You have not taken this quiz